Negocios socialmente responsables (Registro nro. 299963)

Detalles MARC
000 -ENCABEZADO
Número de control [NR] 01004 a2200241 4500
005 - FECHA Y HORA DE LA ÚLTIMA TRANSACCIÓN
control field 20150616135410.0
008 - DE LONGITUD FIJA DE DATOS DE ELEMENTOS - INFORMACIÓN GENERAL
Elementos de longitud fija [NR] 150616s2014 ck ||||fr|||| 00| 0 spa d
020 ## - NUMERO INTERNACIONAL NORMALIZADO PARA LIBROS [R]
Número Internacional Normalizado del libro [NR] 978958631142
040 ## - FUENTE DE CATALOGACION [NR]
Agencia de catalogación original [NR] CO-BoUCM
Idioma de catalogación [NR] spa
Quien Cataloga Jose A. Gerena
Quien Clasifica Jose A. Gerena
041 0# - CODIGO DE IDIOMA [R]
Código de idioma para texto/pista de sonido o título separado [R] Español
245 00 - MENCION DE TITULO [NR]
Título [NR] Negocios socialmente responsables
Parte restante del título [NR] una propuesta ética y educativa para la vida
Mención de responsabilidad, etc. [NR] editores Derly Andrea Neira Cruz, Yuly Paulín Moya Garzón
260 ## - PUBLICACION, DISTRIBUCION, ETC. (PIE DE IMPRENTA) [R]
Fecha de publicación, distribución, etc. [R] 2014
Nombre del editor, distribuidor, etc. [R] Corporación Universitaria Minuto de Dios
Lugar de publicación, distribución, etc. [R] Bogotá (Colombia)
300 ## - DESCRIPCION FISICA [R]
Extensión [R] 244 páginas
504 ## - NOTA DE BIBLIOGRAFIA, ETC. [R]
Nota de bibliografía, etc. [NR] Incluye referencias bibliográficas
650 #7 - ASIENTO SECUNDARIO DE MATERIA - TERMINO TEMATICO [R]
Término temático o nombre geográfico como elemento de entrada [NR] Administración de empresas
9 (RLIN) 26444
650 #7 - ASIENTO SECUNDARIO DE MATERIA - TERMINO TEMATICO [R]
9 (RLIN) 23694
Término temático o nombre geográfico como elemento de entrada [NR] Responsabilidad social de los negocios
650 #7 - ASIENTO SECUNDARIO DE MATERIA - TERMINO TEMATICO [R]
9 (RLIN) 14098
Término temático o nombre geográfico como elemento de entrada [NR] Emprendimiento empresarial
690 ## - ASUNTO AGREGADO LOCAL DE ENTRADA - TÉRMINO TEMÁTICO (OCLC, RLIN)
9 (RLIN) 42736
Acceso temático local Administración de empresas
700 1# - ASIENTO SECUNDARIO - NOMBRE PERSONAL [R]
Nombre personal [NR] Neira Cruz, Derly Andrea
Término de relación [R] editor
9 (RLIN) 69644
700 1# - ASIENTO SECUNDARIO - NOMBRE PERSONAL [R]
Nombre personal [NR] Moya Garzón, Yuly Paulín
Término de relación [R] editor
9 (RLIN) 69645
942 ## - ELEMENTOS DE ENTRADA AGREGADOS (KOHA)
Sistema de clasificación DEWEY
Tema principal Administración
Tipo de ítem principal el descrito en 300a Libro
Edición 1
Clasificación 658.408
Parte restante de la signatura top. N384
Existencias
Fecha de último préstamo Total préstamos Total Renewals Signatura topográfica Código de barras Última vez visto Ejemplar Costo de reposición Price effective from Tipo de ítem Perdido Sistema de clasificación Dañado No prestable Tipo de ítem específico Suprimido Ubicación habitual Ubicación actual Localización Fecha de creación Proveedor Forma de adquisición Costo
08/05/2017 1 1 658.408 N384 100146129 04/12/2025 Ej.1 26000.00 04/06/2015 Libro   DEWEY     Libro   Claustro Claustro 4to piso 04/06/2015 12 Donación 0.00